| 000 | 00755nam a2200253Ia 4500 | ||
|---|---|---|---|
| 003 | OSt | ||
| 005 | 20221005081543.0 | ||
| 006 | a|||||r|||| 00| 0 | ||
| 007 | ta | ||
| 008 | 221004b |||||||| |||| 00| 0 eng d | ||
| 020 |
_a9788189131982 (hbk) _c3500 |
||
| 024 | _a13880 | ||
| 037 |
_b1151, 28/07/2014, Research India Press _cTextual |
||
| 040 |
_aCRL _cCRL _beng |
||
| 041 |
_2eng _aeng |
||
| 082 | _aV2:71(I), Q4 | ||
| 100 | _aVijay Kumar | ||
| 245 | 0 | _aFlora and fauna in Harappan civilization | |
| 260 |
_aNew Delhi _bResearch Indian Press India _c2014 |
||
| 300 |
_axxx,365p. _ccm. |
||
| 650 | _aHISTORY | ||
| 942 |
_hV2:71(I), Q4 _cTEXL _2cc |
||
| 999 |
_c987885 _d987885 |
||